Länder mit meister/wenigster Korruption - Statistiken

Allgemein
  • Dieses Quiz wurde 138 mal gespielt
  • Das Durchschnittsergebnis liegt bei 11 aus 20
Antwortstatistiken
Hint Antwort % Korrekt
80/100 Europa Deutschland
91%
85/100 Europa Schweden
88%
84/100 Europa Norwegen
84%
85/100 Europa Finnland
83%
88/100 Europa Dänemark
81%
88/100 Ozeanien Neuseeland
78%
85/100 Europa Schweiz
73%
80/100 Europa Luxemburg
68%
82/100 Europa Niederlande
66%
18/100 Afrika Demokratische Republik Kongo
57%
85/100 Asien Singapur
53%
15/100 Südamerika Venezuela
52%
12/100 Afrika Somalia
49%
16/100 Afrika Sudan
47%
18/100 Asien Nordkorea
42%
12/100 Afrika Südsudan
41%
17/100 Afrika Libyen
27%
14/100 Asien Syrien
26%
15/100 Asien Jemen
23%
16/100 Afrika Äquatorialguinea
10%
Keine übereinstimmenden Quizze gefunden
Verteilung der Resultate
Anzahl Personen mit jedem Resultat
Perzentil nach korrekt beantworteten Fragen
Ihre Resultats-Entwicklung
Sie haben dieses Quiz noch nicht gespielt